000 02428nam a2200361 i 4500
999 _c5388
_d5388
001 pr07444247
003 CaOWLBI
005 20250910082710.0
008 240614s2024 ilu e 000 1 eng d
020 _a9781464223310
040 _aDLC
_beng
_erda
_cDLC
_dCaOWLBI
_dCaOL
_dKH8
082 _aFIC MCF
100 1 _aMcFadden, Freida.
_eauthor.
245 1 4 _aThe housemaid is watching /
_cFreida McFadden.
264 1 _aNaperville, IL :
_bPoisoned Pen Press,
_c[2024]
264 4 _c©2024.
300 _a386 pages ;
_c20 cm.
336 _atext
_btxt
_2rdacontent.
337 _aunmediated
_bn
_2rdamedia.
338 _avolume
_bnc
_2rdacarrier.
490 1 _aHousemaid series ;
_v3.
520 _a""You must be our new neighbors!" Mrs. Lowell gushes and waves across the picket fence. I clutch my daughter's hand and smile back: but the second Mrs. Lowell sees my husband a strange expression crosses her face. In that moment I make a promise. We finally have a family home. My past is far, far behind us. And I'll do anything to keep it that way ... I used to clean other people's houses - now, I can't believe this home is actually mine. The charming kitchen, the quiet cul-de-sac, the huge yard where my kids can play. My husband and I saved for years to give our children the life they deserve. Even though I'm wary of our new neighbor Mrs. Lowell, when she invites us over for dinner it's our chance to make friends. Her maid opens the door wearing a white apron, her hair in a tight bun. I know exactly what it's like to be in her shoes. But her cold stare gives me chills ... The Lowells' maid isn't the only strange thing on our street. I'm sure I see a shadowy figure watching us. My husband leaves the house late at night. And when I meet a woman who lives across the way, her words chill me to the bone: Be careful of your neighbors. Did I make a terrible mistake moving my family here? I thought I'd left my darkest secrets behind. But could this quiet suburban street be the most dangerous place of all?"--Provided by publisher.
650 0 _aFamily secrets
_vFiction.
650 0 _aNeighbors
_vFiction.
650 0 _aSecrecy
_vFiction.
650 0 _aSpouses
_vFiction.
650 0 _aWomen household employees
_vFiction.
650 0 _aThrillers (Fiction)
_2genre.
650 0 _aDomestic fiction.
_2genre.
650 0 _aPsychological fiction.
_2genre.
830 0 _aHousemaid series ;
_v3.
942 _2ddc
_cFIC